00578 a2200181 450000100060000002000150000604000220002110000180004324000290006124500240009030000070011436200090012165000230013094200070015395201120016095201070027299900170037956990 a8532903193 cAnchieta - Pituba aJosé, Elias10aNoites de lua cheialpor10aNoites de lua cheia a550 a1998 4aLiteratura juvenil cBK 00104070a91.1b91.1d2023-11-21l0oLJ 028.5 J83n JOS NOIp6773/PITr2023-11-21 18:24:35w2023-11-21yBK 00102ddc4070a57.2b57.2d2024-05-23l0pnt875r2024-05-23 11:42:04w2024-05-23yBKzestante roxau c56990d56990